| 000 | 00564nam a22001817a 4500 | ||
|---|---|---|---|
| 003 | OSt | ||
| 005 | 20260422033105.0 | ||
| 008 | 260422b |||||||| |||| 00| 0 eng d | ||
| 020 | _a971-834-048-3. | ||
| 040 |
_aDWCL-Main lib _cOC |
||
| 082 | _aCirc. 248.8 V538g 2002 | ||
| 100 | _aWeith, Gene Edward | ||
| 245 |
_aGod at work : _byour Christian vocation in all of life/ _cWeith, Gene Edward |
||
| 260 |
_aManila: _bLighthouse Inspirational Books & Gifts, _cc2002. |
||
| 300 |
_a176 p. ; _c21 cm. |
||
| 504 | _aIncludes index. | ||
| 942 |
_2ddc _cBK-CIRC _hCirc. _n0 |
||
| 999 |
_c9660 _d9660 |
||